Membros do Red Velvet - Statistics

Estatísticas Gerais
  • Esse quiz foi jogado 19 vezes
  • A pontuação média é 5 de 5
Estatísticas das Respostas
Resposta % Correto
Irene
100%
Joy
94%
Seulgi
94%
Wendy
94%
Yeri
88%
Nenhum quiz correspondente encontrado
Distribuição das Pontuações
Porcentagem de Pessoas com Cada Pontuação
Percentil de Números Respondidos
Sua Pontuação Histórica
Você não jogou esse quiz